[Event "POL-chT 2nd League"]
[Site "Jastrzebia Gora"]
[Date "2022.09.08"]
[Round "6.19"]
[White "Golenia, Wojciech"]
[Black "Lubczynski, Rafal"]
[Result "0-1"]
[WhiteElo "2175"]
[BlackElo "2413"]
[PlyCount "28"]
[EventDate "2022.09.03"]
[EventType "team-swiss"]
[EventRounds "9"]
[EventCountry "POL"]
[SourceTitle "CBM 210 Extra"]
[Source "ChessBase"]
[SourceDate "2022.11.30"]
[SourceVersion "1"]
[SourceVersionDate "2022.11.30"]
[SourceQuality "1"]
[WhiteTeam "Wieliczka MKS MOS"]
[BlackTeam "Wroclaw Kopernik"]
[WhiteTeamCountry "POL"]
[BlackTeamCountry "POL"]

1. e4 d6 2. d4 Nf6 3. Nc3 e5 4. Nf3 Nbd7 5. Bc4 Be7 6. 0-0 0-0 7. a4 a5 8. Re1 c6 9. h3 h6 10. Be3 Nh7 11. Qe2 Ng5 12. Rad1 Nxf3+ 13. Qxf3 Bf6 14. d5 Be7 0-1

[Event "POL-chT 2nd League"]
[Site "Jastrzebia Gora"]
[Date "2022.09.06"]
[Round "4.7"]
[White "Kucza, Karol"]
[Black "Lubczynski, Rafal"]
[Result "1-0"]
[WhiteElo "2329"]
[BlackElo "2413"]
[PlyCount "45"]
[EventDate "2022.09.03"]
[EventType "team-swiss"]
[EventRounds "9"]
[EventCountry "POL"]
[SourceTitle "CBM 210 Extra"]
[Source "ChessBase"]
[SourceDate "2022.11.30"]
[SourceVersion "1"]
[SourceVersionDate "2022.11.30"]
[SourceQuality "1"]
[WhiteTeam "Ostrow Wielkopolski"]
[BlackTeam "Wroclaw Kopernik"]
[WhiteTeamCountry "POL"]
[BlackTeamCountry "POL"]

1. e4 d6 2. d4 Nf6 3. Nc3 e5 4. Nf3 Nbd7 5. Bc4 Be7 6. a4 a5 7. Ng5 0-0 8. Bxf7+ Rxf7 9. Ne6 Qe8 10. Nxc7 Qd8 11. Nxa8 b6 12. Nb5 Nxe4 13. 0-0 exd4 14. Qxd4 Bb7 15. Nac7 d5 16. Nxd5 Nxf2 17. Nxe7+ Qxe7 18. Bd2 Ne4 19. Rxf7 Qxf7 20. Nd6 Nxd6 21. Qxd6 Qf5 22. Re1 Qg4 23. Qe6+ 1-0

[Event "Wch Blitz"]
[Site "Warsaw"]
[Date "2021.12.29"]
[Round "3"]
[White "Shoker, Samy"]
[Black "Lubczynski, Rafal"]
[Result "1-0"]
[WhiteElo "2504"]
[BlackElo "2413"]
[PlyCount "91"]
[EventDate "2021.12.29"]
[EventType "swiss (blitz)"]
[EventRounds "21"]
[EventCountry "POL"]
[SourceTitle "CBM 205 Extra"]
[Source "ChessBase"]
[SourceDate "2022.01.31"]
[SourceVersion "1"]
[SourceVersionDate "2022.01.31"]
[SourceQuality "1"]

1. Nf3 Nf6 2. g3 b5 3. Bg2 Bb7 4. Na3 a6 5. c4 b4 6. Nc2 c5 7. 0-0 e6 8. d3 d5 9. Ne5 Nbd7 10. Bf4 Nxe5 11. Bxe5 Bd6 12. Bxf6 Qxf6 13. Ne3 Qxb2 14. Qa4+ Ke7 15. cxd5 Rhd8 16. dxe6 Bxg2 17. Kxg2 fxe6 18. Rae1 Be5 19. Nc4 Qd4 20. Kg1 Bc7 21. Rd1 Qd7 22. Qc2 a5 23. Qd2 Qd5 24. Rc1 Rac8 25. Qb2 Kf8 26. Rfd1 a4 27. Qc2 a3 28. Ne3 Qd4 29. Qb3 Qf6 30. Rxc5 Bxg3 31. hxg3 Rxc5 32. Qxb4 Qe7 33. Qxa3 Rc7 34. Qb3 Rdc8 35. Nc4 Qc5 36. a4 Rf7 37. Rf1 Kg8 38. a5 Rcf8 39. e3 Qg5 40. Kg2 Qd5+ 41. e4 Qd4 42. Qc2 Rf3 43. Ne3 Rxe3 44. fxe3 Qxe3 45. Rxf8+ Kxf8 46. Qf2+ 1-0

[Event "Wch Rapid"]
[Site "Warsaw"]
[Date "2021.12.27"]
[Round "7"]
[White "Saraci, Nderim"]
[Black "Lubczynski, Rafal"]
[Result "1-0"]
[WhiteElo "2486"]
[BlackElo "2413"]
[PlyCount "53"]
[EventDate "2021.12.26"]
[EventType "swiss (rapid)"]
[EventRounds "13"]
[EventCountry "POL"]
[SourceTitle "CBM 205 Extra"]
[Source "ChessBase"]
[SourceDate "2022.01.31"]
[SourceVersion "1"]
[SourceVersionDate "2022.01.31"]
[SourceQuality "1"]

1. d4 d5 2. c4 c6 3. Nf3 Nf6 4. Qc2 g6 5. g3 Bg7 6. Bg2 Bf5 7. Qb3 Qb6 8. Nc3 Na6 9. 0-0 Qxb3 10. axb3 Bc2 11. Ra3 0-0 12. Bf4 Be4 13. Rfa1 e6 14. Bf1 Bxf3 15. exf3 dxc4 16. bxc4 Nh5 17. Bd6 Rfd8 18. c5 Nb4 19. Rxa7 Rxa7 20. Rxa7 Bf8 21. Rxb7 Nc2 22. Bxf8 Kxf8 23. Ne4 Rxd4 24. Be2 Rb4 25. Rb6 h6 26. Bd3 Rxb6 27. cxb6 1-0

[Event "EU-ch Rapid"]
[Site "Katowice"]
[Date "2021.12.19"]
[Round "9"]
[White "Lubczynski, Rafal"]
[Black "Brzezinski, Mateusz"]
[Result "1/2-1/2"]
[WhiteElo "2413"]
[BlackElo "2187"]
[PlyCount "111"]
[EventDate "2021.12.18"]
[EventType "swiss (rapid)"]
[EventRounds "11"]
[EventCountry "POL"]
[SourceTitle "CBM 205 Extra"]
[Source "ChessBase"]
[SourceDate "2022.01.31"]
[SourceVersion "1"]
[SourceVersionDate "2022.01.31"]
[SourceQuality "1"]

1. Nf3 Nf6 2. c4 e6 3. g3 d5 4. Bg2 Be7 5. 0-0 0-0 6. d4 c5 7. cxd5 exd5 8. dxc5 Bxc5 9. Qc2 Be7 10. Rd1 Nc6 11. Nc3 Be6 12. Bg5 Qa5 13. Nd4 Nxd4 14. Rxd4 Rfd8 15. Qd2 Kf8 16. Rd1 Qb6 17. Be3 Qa6 18. Ra4 Qc6 19. Qd4 b6 20. Rc1 Qd7 21. Qd3 Rac8 22. Qa6 Rc7 23. Rd1 Qc6 24. Qd3 Qb7 25. Nb5 Qc6 26. Rxa7 Rxa7 27. Nxa7 Qa4 28. Bxb6 Rb8 29. b3 Qxa2 30. Qe3 Ng4 31. Qd4 Qxb3 32. Bc5 Bxc5 33. Qxc5+ Kg8 34. Rc1 Qb6 35. Qxb6 Rxb6 36. Nc6 Kf8 37. Bf3 Nf6 38. Kg2 Nd7 39. h4 g6 40. Rc2 h5 41. Rc1 Kg7 42. Rc3 Kf6 43. e3 Rb2 44. Nd4 Ne5 45. Be2 Bg4 46. Bf1 Bf5 47. Nxf5 Kxf5 48. Kg1 Ke6 49. Bg2 Rd2 50. Ra3 Rc2 51. Ra6+ Rc6 52. Rxc6+ Nxc6 53. Kf1 Kd6 54. Ke2 Ne5 55. Kd2 Ng4 56. Ke2 1/2-1/2

[Event "EU-ch Rapid"]
[Site "Katowice"]
[Date "2021.12.19"]
[Round "10"]
[White "Woloch, Oskar"]
[Black "Lubczynski, Rafal"]
[Result "1-0"]
[WhiteElo "2117"]
[BlackElo "2413"]
[PlyCount "53"]
[EventDate "2021.12.18"]
[EventType "swiss (rapid)"]
[EventRounds "11"]
[EventCountry "POL"]
[SourceTitle "CBM 205 Extra"]
[Source "ChessBase"]
[SourceDate "2022.01.31"]
[SourceVersion "1"]
[SourceVersionDate "2022.01.31"]
[SourceQuality "1"]

1. e4 d6 2. d4 Nf6 3. Nc3 e5 4. Nge2 Nc6 5. h3 g6 6. Be3 Bg7 7. g4 d5 8. dxe5 Nxe5 9. Bg2 Nc4 10. Bg5 h6 11. Bxf6 Bxf6 12. exd5 Qe7 13. Qd3 Nd6 14. 0-0-0 Bd7 15. Rhe1 0-0-0 16. Nd4 Qf8 17. Nc6 Re8 18. Nxa7+ Kb8 19. Nc6+ bxc6 20. dxc6 Bc8 21. Nd5 Rxe1 22. Rxe1 Qd8 23. Qb3+ Nb7 24. cxb7 Be6 25. Qa4 Bg5+ 26. f4 Bxf4+ 27. Nxf4 1-0

[Event "EU-ch Blitz"]
[Site "Katowice"]
[Date "2021.12.17"]
[Round "11"]
[White "Demchenko, Anton"]
[Black "Lubczynski, Rafal"]
[Result "1-0"]
[WhiteElo "2654"]
[BlackElo "2413"]
[PlyCount "131"]
[EventDate "2021.12.17"]
[EventType "swiss (blitz)"]
[EventRounds "22"]
[EventCountry "POL"]
[SourceTitle "CBM 205 Extra"]
[Source "ChessBase"]
[SourceDate "2022.01.31"]
[SourceVersion "1"]
[SourceVersionDate "2022.01.31"]
[SourceQuality "1"]

1. e4 d6 2. d4 Nf6 3. Nc3 e5 4. Nf3 Nbd7 5. Bc4 Be7 6. 0-0 0-0 7. a4 a5 8. Re1 c6 9. h3 h6 10. Be3 Qc7 11. Ba2 Rd8 12. Qe2 exd4 13. Bxd4 Ne5 14. Nd2 Re8 15. f4 Ng6 16. Qf2 Nh5 17. f5 Bh4 18. Qf3 Ngf4 19. Bf2 Bxf2+ 20. Qxf2 d5 21. exd5 Bxf5 22. Nc4 cxd5 23. Nb6 Rad8 24. Nbxd5 Qd6 25. Rxe8+ Rxe8 26. Rd1 Qb8 27. Nxf4 Nxf4 28. Rf1 g5 29. Qf3 Qa7+ 30. Kh1 Bg6 31. Nd5 Nxd5 32. Bxd5 b6 33. Qf6 Kh7 34. Bxf7 Bxf7 35. Qxf7+ Qxf7 36. Rxf7+ Kg6 37. Rb7 Re6 38. Kg1 Kf5 39. Kf2 h5 40. c3 h4 41. Kf3 Rd6 42. Rf7+ Kg6 43. Re7 Kf5 44. Re2 Rd3+ 45. Kf2 Rd1 46. Ke3 Ke5 47. Rd2 Ra1 48. b3 Rc1 49. Kd3 Kf4 50. Re2 Kg3 51. Kc4 Rf1 52. b4 Rf2 53. Re5 Kxg2 54. Rxg5+ Kxh3 55. Rg6 Rf4+ 56. Kb5 axb4 57. cxb4 Rg4 58. Rxb6 Kg2 59. Rh6 h3 60. a5 h2 61. Rxh2+ Kxh2 62. a6 Kg3 63. a7 Rg8 64. Ka6 Kf4 65. b5 Rg1 66. a8Q 1-0

[Event "Bydgoszcz PGNiG Rapid"]
[Site "Bydgoszcz"]
[Date "2021.09.18"]
[Round "8"]
[White "Lubczynski, Rafal"]
[Black "Tazbir, Marcin"]
[Result "0-1"]
[WhiteElo "2429"]
[BlackElo "2513"]
[PlyCount "106"]
[EventDate "2021.09.18"]
[EventType "swiss (rapid)"]
[EventRounds "9"]
[EventCountry "POL"]
[SourceTitle "CBM 204 Extra"]
[Source "ChessBase"]
[SourceDate "2021.11.30"]
[SourceVersion "1"]
[SourceVersionDate "2021.11.30"]
[SourceQuality "1"]

1. d4 d5 2. c4 dxc4 3. Nf3 Nf6 4. Qa4+ c6 5. Qxc4 Bf5 6. g3 e6 7. Bg2 Nbd7 8. 0-0 Be7 9. Rd1 0-0 10. e3 Ne4 11. Nfd2 Nxd2 12. Nxd2 e5 13. Nb3 Bg4 14. f3 Be6 15. Qc2 Bxb3 16. Qxb3 Qc7 17. dxe5 Nxe5 18. e4 Bc5+ 19. Kh1 Rfd8 20. Bf4 Bd4 21. Rac1 Qe7 22. Be3 c5 23. Qa3 Bxe3 24. Qxe3 Nc6 25. f4 Nd4 26. b4 b6 27. bxc5 bxc5 28. e5 Rac8 29. Qa3 g6 30. h3 Ne2 31. Rxd8+ Qxd8 32. Rf1 c4 33. Qe3 Qd3 34. Rf3 Qxe3 35. Rxe3 c3 36. Rxe2 c2 37. Rxc2 Rxc2 38. Bd5 Kf8 39. Kg1 Ke7 40. Bb3 Rd2 41. Kf1 f6 42. h4 h6 43. Bc4 a5 44. Bb3 Rb2 45. Bd5 fxe5 46. fxe5 Rb5 47. Be4 g5 48. Ke2 gxh4 49. gxh4 Rb4 50. Kf3 Ke6 51. h5 Kxe5 52. Bg6 Ra4 53. Bb1 Kf6 0-1

[Event "Bydgoszcz PGNiG Rapid"]
[Site "Bydgoszcz"]
[Date "2021.09.18"]
[Round "9"]
[White "Sliwicka, Alicja"]
[Black "Lubczynski, Rafal"]
[Result "0-1"]
[WhiteElo "2304"]
[BlackElo "2429"]
[PlyCount "126"]
[EventDate "2021.09.18"]
[EventType "swiss (rapid)"]
[EventRounds "9"]
[EventCountry "POL"]
[SourceTitle "CBM 204 Extra"]
[Source "ChessBase"]
[SourceDate "2021.11.30"]
[SourceVersion "1"]
[SourceVersionDate "2021.11.30"]
[SourceQuality "1"]

1. e4 d6 2. d4 Nf6 3. Nc3 e5 4. Nf3 Nbd7 5. g4 Nxg4 6. Rg1 Ngf6 7. Bc4 h6 8. Be3 c6 9. Qd2 Qa5 10. 0-0-0 b5 11. Bd3 a6 12. Kb1 Bb7 13. Nh4 g6 14. f3 0-0-0 15. Bf1 Kb8 16. Bh3 Be7 17. Ng2 g5 18. Ne1 Nb6 19. b3 c5 20. d5 Nh5 21. Nd3 Nf4 22. Bf1 Bc8 23. Qe1 b4 24. Ne2 Nxd3 25. cxd3 Na8 26. Ng3 Qc7 27. Be2 a5 28. Rd2 Qb6 29. Rb2 Nc7 30. Bd1 Qb5 31. Qe2 f5 32. Nf1 f4 33. Bf2 Qa6 34. Be1 Nb5 35. Ka1 Bd7 36. Qc2 Nd4 37. Qc4 Bb5 38. Qc1 Bxd3 39. Nd2 Bb5 40. Nc4 a4 41. Kb1 Kb7 42. Bf2 Bf6 43. Rg2 axb3 44. Bxb3 Nxf3 45. Nxd6+ Rxd6 46. Qxc5 Rc8 47. Qxb4 Ka8 48. a4 Bd3+ 49. Ka2 Nd4 50. a5 Rb8 51. Qxb8+ Kxb8 52. Bc4+ Kc7 53. Bxa6 Rxa6 54. Be1 Bxe4 55. Rgf2 Bxd5+ 56. Kb1 Nc6 57. Rfd2 Be6 58. Bf2 Nxa5 59. Bb6+ Kc6 60. Bxa5 Rxa5 61. Rb8 Bf5+ 62. Kc1 Ra1+ 63. Kb2 Rb1+ 0-1

[Event "Bydgoszcz PGNiG Rapid"]
[Site "Bydgoszcz"]
[Date "2021.09.18"]
[Round "7"]
[White "Zochowski, Kacper"]
[Black "Lubczynski, Rafal"]
[Result "0-1"]
[WhiteElo "2233"]
[BlackElo "2429"]
[PlyCount "76"]
[EventDate "2021.09.18"]
[EventType "swiss (rapid)"]
[EventRounds "9"]
[EventCountry "POL"]
[SourceTitle "CBM 204 Extra"]
[Source "ChessBase"]
[SourceDate "2021.11.30"]
[SourceVersion "1"]
[SourceVersionDate "2021.11.30"]
[SourceQuality "1"]

1. c4 Nf6 2. g3 c6 3. Bg2 d5 4. Nf3 Bf5 5. Qb3 Qb6 6. d3 dxc4 7. Qxc4 Nbd7 8. 0-0 e5 9. b3 Bd6 10. Bb2 0-0 11. Nbd2 Rac8 12. Qc2 Bb8 13. Nc4 Qa6 14. Ncxe5 Nxe5 15. Bxe5 Bxe5 16. Nxe5 Rfe8 17. Nc4 Rcd8 18. Rfe1 Nd5 19. a3 Bg6 20. b4 Nc7 21. a4 Ne6 22. Qb2 Nd4 23. e3 Bxd3 24. Na3 Ne6 25. Qb3 Qb6 26. Rad1 Nc5 27. a5 Nxb3 28. axb6 axb6 29. b5 Na5 30. Rc1 Be4 31. Bf1 Bf3 32. bxc6 bxc6 33. Rb1 b5 34. Rec1 Rd2 35. Nc2 Be4 36. Rb2 Red8 37. Ra2 Nb3 38. Rb1 Rxc2 0-1

[Event "POL-chT 1st League"]
[Site "Szklarska Poreba"]
[Date "2021.09.05"]
[Round "2.7"]
[White "Lubczynski, Rafal"]
[Black "Kovalenko, Igor"]
[Result "0-1"]
[WhiteElo "2429"]
[BlackElo "2651"]
[PlyCount "74"]
[EventDate "2021.09.04"]
[EventType "team-swiss"]
[EventRounds "9"]
[EventCountry "POL"]
[SourceTitle "CBM 204 Extra"]
[Source "ChessBase"]
[SourceDate "2021.11.30"]
[SourceVersion "1"]
[SourceVersionDate "2021.11.30"]
[SourceQuality "1"]
[WhiteTeam "Chrobry Gniezno"]
[BlackTeam "Kopernik WKS"]
[WhiteTeamCountry "POL"]
[BlackTeamCountry "POL"]

1. d4 Nf6 2. Nf3 e6 3. c4 d5 4. g3 Be7 5. Bg2 0-0 6. 0-0 c6 7. Qc2 b6 8. Rd1 a5 9. Nbd2 Na6 10. e4 Bb7 11. Ne5 Rc8 12. b3 Nb4 13. Qb1 Qc7 14. a3 Na6 15. Bb2 Rfd8 16. exd5 cxd5 17. h3 Bd6 18. f4 a4 19. Rc1 dxc4 20. bxc4 Bxg2 21. Kxg2 Qb7+ 22. Ndf3 Bxe5 23. fxe5 Ne4 24. Kh2 Nac5 25. Re1 Nc3 26. Bxc3 Qxf3 27. Qc2 Nb3 28. Rf1 Qb7 29. Qd3 Nxa1 30. Bxa1 Rd7 31. Rb1 Qa6 32. Rb5 Rdc7 33. c5 bxc5 34. dxc5 h6 35. Bd4 Rb7 36. Rb3 Qxd3 37. Rxd3 Rd7 0-1

[Event "POL Cup op blitz"]
[Site "Lodz"]
[Date "2021.08.08"]
[Round "6"]
[White "Lach, Aleksandra"]
[Black "Lubczynski, Rafal"]
[Result "0-1"]
[WhiteElo "2183"]
[BlackElo "2429"]
[PlyCount "54"]
[EventDate "2021.08.08"]
[EventType "swiss (blitz)"]
[EventRounds "13"]
[EventCountry "POL"]
[SourceTitle "CBM 203 Extra"]
[Source "ChessBase"]
[SourceDate "2021.09.30"]
[SourceVersion "1"]
[SourceVersionDate "2021.09.30"]
[SourceQuality "1"]

1. e4 d6 2. d4 Nf6 3. Nc3 e5 4. dxe5 dxe5 5. Qxd8+ Kxd8 6. Bc4 Be6 7. Bxe6 fxe6 8. f3 Bc5 9. Nge2 Ke7 10. Bd2 Nc6 11. 0-0-0 Rhb8 12. a3 b5 13. b4 Bd6 14. Nb1 a5 15. c3 Nd7 16. f4 Nb6 17. fxe5 Bxe5 18. Bg5+ Ke8 19. Bf4 Nc4 20. Bxe5 N6xe5 21. Nd4 Ke7 22. Nb3 axb4 23. axb4 Ra2 24. Rhg1 Rf8 25. Nd4 Rff2 26. g4 Rfb2 27. g5 Ra1 0-1